Brand as an additional value Selling luxury to high value clients

Bibliographic Details
Main Author: Szirtes Zsófia
Other Authors: Papp Dr. Judit
Format: Thesis
Kulcsszavak:Brand
Luxury
Additional value
Online Access:http://dolgozattar.uni-bge.hu/15038

MARC

LEADER 00000nta a2200000 i 4500
001 dolg15038
005 20180727140059.0
008 180503suuuu hu om 000 eng d
040 |a BGE Dolgozattár Repozitórium  |b hun 
041 |a en 
100 1 |a Szirtes Zsófia 
245 1 0 |a Brand as an additional value  |b Selling luxury to high value clients  |c Szirtes Zsófia  |h [elektronikus dokumentum] 
246 1 1 |a A márka mint hozzáadott érték szerepe a luxus termékek értékesítésekor 
246 1 1 |a Brand as an additional value: Selling luxury to high value clients 
695 |a Brand 
695 |a Luxury 
695 |a Additional value 
700 1 |a Papp Dr. Judit  |e ths 
856 4 0 |u http://dolgozattar.uni-bge.hu/15038/1/Dissertation-Zs%C3%B3fiaSzirtes.pdf  |z Dokumentum-elérés